MyGZULibrary

The practical skeptic : (Record no. 1561)

MARC details
000 -LEADER
fixed length control field 01354cam a2200349 a 4500
001 - CONTROL NUMBER
control field 14921701
003 - CONTROL NUMBER IDENTIFIER
control field GZU
005 - DATE AND TIME OF LATEST TRANSACTION
control field 20201019153702.0
008 - FIXED-LENGTH DATA ELEMENTS--GENERAL INFORMATION
fixed length control field 070710s2009 maua b 000 0 eng
010 ## - LIBRARY OF CONGRESS CONTROL NUMBER
LC control number 2007028364
020 ## - INTERNATIONAL STANDARD BOOK NUMBER
International Standard Book Number 9780073380032 (alk. paper)
020 ## - INTERNATIONAL STANDARD BOOK NUMBER
International Standard Book Number 0073380032 (alk. paper)
040 ## - CATALOGING SOURCE
Original cataloging agency DLC
Transcribing agency DLC
Modifying agency DLC
043 ## - GEOGRAPHIC AREA CODE
Geographic area code n-us---
050 00 - LIBRARY OF CONGRESS CALL NUMBER
Classification number HM585
Item number MCI 2009
082 00 - DEWEY DECIMAL CLASSIFICATION NUMBER
Classification number 301
Edition number 22
245 04 - TITLE STATEMENT
Title The practical skeptic :
Remainder of title readings in sociology /
Statement of responsibility, etc. [edited by] Lisa McIntyre.
250 ## - EDITION STATEMENT
Edition statement 4th ed.
260 ## - PUBLICATION, DISTRIBUTION, ETC.
Place of publication, distribution, etc. Boston :
Name of publisher, distributor, etc. McGraw-Hill Higher Education,
Date of publication, distribution, etc. c2009.
300 ## - PHYSICAL DESCRIPTION
Extent xiv, 394 p. :
Other physical details ill. ;
Dimensions 23 cm.
504 ## - BIBLIOGRAPHY, ETC. NOTE
Bibliography, etc. note Includes bibliographical references.
650 #0 - SUBJECT ADDED ENTRY--TOPICAL TERM
Topical term or geographic name entry element Sociology.
650 #0 - SUBJECT ADDED ENTRY--TOPICAL TERM
Topical term or geographic name entry element Social problems.
651 #0 - SUBJECT ADDED ENTRY--GEOGRAPHIC NAME
Geographic name United States
General subdivision Social conditions.
700 1# - ADDED ENTRY--PERSONAL NAME
Personal name McIntyre, Lisa J.
856 42 - ELECTRONIC LOCATION AND ACCESS
Materials specified Contributor biographical information
Uniform Resource Identifier <a href="http://www.loc.gov/catdir/enhancements/fy0743/2007028364-b.html">http://www.loc.gov/catdir/enhancements/fy0743/2007028364-b.html</a>
856 42 - ELECTRONIC LOCATION AND ACCESS
Materials specified Publisher description
Uniform Resource Identifier <a href="http://www.loc.gov/catdir/enhancements/fy0743/2007028364-d.html">http://www.loc.gov/catdir/enhancements/fy0743/2007028364-d.html</a>
856 41 - ELECTRONIC LOCATION AND ACCESS
Materials specified Table of contents only
Uniform Resource Identifier <a href="http://www.loc.gov/catdir/enhancements/fy0743/2007028364-t.html">http://www.loc.gov/catdir/enhancements/fy0743/2007028364-t.html</a>
906 ## - LOCAL DATA ELEMENT F, LDF (RLIN)
a 7
b cbc
c orignew
d 1
e ecip
f 20
g y-gencatlg
942 ## - ADDED ENTRY ELEMENTS (KOHA)
Source of classification or shelving scheme Library of Congress Classification
Koha item type Books
Edition 4th
Classification part 585
Item part MCI
Call number prefix HM
Holdings
Withdrawn status Lost status Damaged status Not for loan Collection code Home library Current library Shelving location Date acquired Inventory number Total Checkouts Full call number Barcode Date last seen Copy number Price effective from Koha item type
        Non-fiction City Campus Library City Campus Library General Stacks 10/19/2020 9929   HM 585 MCI 2009 B017496 10/19/2020 c.1 10/19/2020 Books
        Non-fiction City Campus Library City Campus Library General Stacks 10/19/2020 9930   HM 585 MCI 2009 B017592 10/19/2020 c.2 10/19/2020 Books
        Non-fiction City Campus Library City Campus Library General Stacks 10/19/2020 9931   HM 585 MCI 2009 G20907 10/19/2020 c.3 10/19/2020 Books
        Non-fiction City Campus Library City Campus Library General Stacks 10/19/2020 9932   HM 585 MCI 2009 G00090253 10/19/2020 c.4 10/19/2020 Books
        Non-fiction City Campus Library City Campus Library General Stacks 10/19/2020 9928   HM 585 MCI 2009 G00090254 10/19/2020 c.5 10/19/2020 Books